| Tag |
First Indicator |
Second Indicator |
Subfields |
| LEADER |
00000cam a2200000Ka 4500 |
| 001 |
in00002414213 |
| 005 |
20211129173116.0 |
| 006 |
m d f |
| 008 |
080813s1997 dcu s f000 0 eng d |
| 035 |
|
|
|a (OCoLC)ocn243704298
|
| 040 |
|
|
|a GPO
|c GPO
|d MvI
|d UtOrBLW
|
| 049 |
|
|
|a WWW
|
| 074 |
|
|
|a 0982-D-51 (online)
|
| 086 |
0 |
|
|a TD 8.2:B 13
|
| 245 |
0 |
0 |
|a Nonoccupant fatalities associated with backing crashes.
|
| 250 |
|
|
|a Rev.
|
| 264 |
|
1 |
|a Washington, DC :
|b U.S. Department of Transportation, National Highway Traffic Safety Administration,
|c [1997]
|
| 300 |
|
|
|a 2 pages :
|b digital, PDF file.
|
| 336 |
|
|
|a text
|b txt
|2 rdacontent
|
| 337 |
|
|
|a computer
|b c
|2 rdamedia
|
| 338 |
|
|
|a unspecified
|b zu
|2 rdacarrier
|
| 490 |
1 |
|
|a Research note / NHTSA
|
| 538 |
|
|
|a Mode of access: Internet via the NHTSA web site. Address as of 08/13/08: http://www-nrd.nhtsa.dot.gov/Pubs/97.810.PDF ; current access available via PURL.
|
| 500 |
|
|
|a Title from title screen (viewed on Aug. 13, 2008).
|
| 500 |
|
|
|a "Feb. 1997."
|
| 500 |
|
|
|a Electronic resource.
|
| 650 |
|
0 |
|a Traffic fatalities
|z United States
|v Statistics.
|
| 650 |
|
0 |
|a Traffic accidents
|z United States
|v Statistics.
|
| 650 |
|
0 |
|a Pedestrian accidents
|z United States
|v Statistics.
|
| 710 |
1 |
|
|a United States.
|b National Highway Traffic Safety Administration.
|
| 830 |
|
0 |
|a Research note (United States. National Highway Traffic Safety Administration)
|
| 856 |
4 |
0 |
|u https://purl.fdlp.gov/GPO/LPS99881
|t 0
|
| 999 |
|
|
|a MARS
|
| 999 |
f |
f |
|s 263fdcf2-cd6d-357b-b621-663c8c493ff3
|i 62add94c-a715-35ba-be16-e2db9ca4cdde
|t 0
|
| 952 |
f |
f |
|a Texas A&M University
|b College Station
|c Electronic Resources
|d Available Online
|t 0
|e TD 8.2:B 13
|h Superintendent of Documents classification
|
| 998 |
f |
f |
|a TD 8.2:B 13
|t 0
|l Available Online
|